| 000 | 01616cad a22002535a 4500 | ||
|---|---|---|---|
| 001 | L143822 | ||
| 008 | 080603e20080530xxk f f000 0 eng d | ||
| 020 | _a9781409800750 | ||
| 035 | _a(Sirsi) u143822 | ||
| 041 | 0 | _aeng | |
| 050 | 0 | 4 | _a346.41043 $2 18 |
| 110 | 1 |
_aUnited Kingdom _bDepartment for Communities and Local Government _94939 |
|
| 245 | 0 | 2 |
_aA new approach for resolving disputes and to proceedings relating to Park Homes under the Mobile Homes Act 1983 (as amended) _ba consultation paper _h[electronic resource] |
| 260 |
_aLondon _bDCLG _c2008 |
||
| 520 | _aConsultation paper sets out three options currently under consideration for reforming and reinterpreting the system for resolving disputes relating to mobile and park homes. Sets out the current position, with jurisdiction vested in county courts, and outlines the main legislation involved. The three options are a retention of this situation; transfer of these powers to residential property tribunals; and transfer of power to a new dedicated tribunal. Considers the best solution for different jurisdictions. Looks in detail at procedural rules and fee structures. Responses are due by 22 August 2008. | ||
| 521 | 2 | _aAdvanced | |
| 590 | _aKA NTK | ||
| 650 | 2 | 4 | _aMOBILE HOMES ACT 1983 |
| 650 | 2 | 4 | _aCARAVAN SITES AND CONTROL OF DEVELOPMENT ACT 1960 |
| 651 | 4 |
_aUnited Kingdom _y |
|
| 690 | _aPROPERTY-RESIDENTIAL PROPERTY-TEMPORARY AND MOBILE RESIDENTIAL PROPERTY | ||
| 856 | 4 | 0 |
_uhttps://www.communities.gov.uk/publications/housing/parkhomedisputes _zView the consultation free of charge at www.communities.gov.uk... |
| 942 | _n0 | ||
| 999 |
_c108272 _d108272 |
||